00673nam a2200145Ia 4500008004100000020001800041100001700059245012100076260002200197650002200219650015300241856004100394999001900435952007300454171212s9999 xx 000 0 und d a9781760460624 aPisch, Anita cPisch, AnitaaThe personality cult of Stalin in Soviet posters, 1929–1953bArchetypes, inventions and fabrications bANU E Pressc2016 aArt & Art History aStalin, Joseph, 1879-1953 -- Symbolism; Political posters, Russian; Symbolism in politics -- Soviet Union; Symbolism in mass media; Symbolism in art uhttp://jstor.org/stable/j.ctt1q1crzp c351380d351380 001040aCLbCLd2017-12-12l0r2017-12-12 00:00:00w2017-12-12yCBE